Welcome to the Holygrace Academy Library

Please use search bar below to get started

THE STORY OF MY LIFE (Record no. 3392)

MARC details
000 -LEADER
fixed length control field 00554nam a22001337a 4500
082 ## - DEWEY DECIMAL CLASSIFICATION NUMBER
Classification number 823
Item number KEL/S
100 ## - MAIN ENTRY--AUTHOR NAME
Personal name KELLER, HELEN
245 ## - TITLE STATEMENT
Title THE STORY OF MY LIFE
260 ## - PUBLICATION, DISTRIBUTION, ETC. (IMPRINT)
Place of publication AGRA
Name of publisher OSWAL BOOKS
300 ## - PHYSICAL DESCRIPTION
Number of Pages 256
520 ## - SUMMARY, ETC.
Summary, etc The Story of My Life (1903) chronicles the early years of Helen Keller, a young woman who became both deaf and blind at a young age. The book explores the challenges she faced growing up as a child with disabilities, and introduces the amazing people who helped her along the way.
650 ## - SUBJECT ADDED ENTRY--TOPICAL TERM
Topical Term AUTOBIOGRAPHY
Geographic subdivision INDIA
942 ## - ADDED ENTRY ELEMENTS (KOHA)
Koha item type Books
Holdings
Withdrawn status Lost status Collection code Home library Current library Shelving location Date acquired Source of acquisition Cost, normal purchase price Full call number Accession Number Koha item type
    Non-fiction Main Library Main Library SHELF-14G- ALPHABETICAL J,K,L --ENGLISH NOVELS & FICTIONS 07/11/2015 purchase 119.00 823 KEL/S 09583 Books